000 00926 a2200205 4500
001 24931
005 20260407155531.0
008 260407a2012 arg spa d
003 AR-UNSa-BCEJYS
040 _aAR-UNSa-BCEJYS
_bspa
_cAR-UNSa-BCEJYS
080 _a001.8
_xMetodología. Estudio general del método. Procedimientos científicos y técnicos para el estudio, La investigación y la discusión
245 1 0 _aCómo se hace una tesis
_ptécnicas y procedimientos de estudio, investigación y escritura
020 _a978-84-7432-896-7
264 1 _aBarcelona :
_bGedisa
_c2012
300 _a233 p.
_c23 cm.
505 _a1. Qué es una tesis doctoral y para qué sirve - 2. La elección del tema - 3. La búsqueda del material - 4. El plan de trabajo y las fichas - 5. La redacción - 6. La redacción definitiva - 7. Conclusiones
942 _cBK
590 _aniveau_biblio:m niveau_hierar:0
100 1 _aEco, Umberto
999 _c1241
_d1241